000 00477nam a2200181Ia 4500
001 8276
005 20260306160557.0
008 260306t2017||||xx |||||||||||||| ||spa||
041 _aESP
082 _a370.1523
_bH44
100 _aHernández Cárdenas, Cruz Antonio
_eAUT
245 0 _aModelos didácticos:
_bpara situaciones y contextos de aprendizaje
260 _c2017
300 _a188 páginas :
_c24 cm.
650 _aGEN
654 _aCED
942 _cLIB
_dJUS
_fJUS
_2ddc
_n
999 _c8276
_d8276